000 00336 a2200145 4500
001 156836
020 _a8516053687
040 _cEscola São Tomás de Aquino
100 _aMACHADO, Ana Maria
240 1 0 _aSeverino faz chover
_lpor
245 1 0 _aSeverino faz chover
362 0 _a2006
697 _a*LITERATURA INFANTO
942 _cBK
999 _c156836
_d156836